00794nam a2200253 a 4500001001300000003000900013005001700022008004100039020002400080082001700104100001500121245006200136260002900198300001000227500003500237505004600272650002800318650002400346700001500370902000800385942000700393952012500400999001500525nice12345678IN_TiNIC20260116011924.0050524s1978 lona grp 000 0 eng  a0856643 c6.9500a297.122bSEA aSeale, M S aQuran and Bibleb Studies in Interpretation and Dialogue. aLondonbCroom Helmc1978 a124p. aincludes index and biblioraphy2 aNotes and References, Bibliography, Index aQuran-Relation to Bible aInterfaith Dialogue1 aSeale, M S bSRS cBK 001040708StackRoom-aHMIbHMId2009-07-16g6.95l1o297.122 SEAp09385r2019-12-12s2019-10-28v6.95w2005-05-24yBK c4921d4921